[Event "Women's Speed Chess Q2"]
[Site "chess.com INT"]
[Date "2020.06.19"]
[Round "6"]
[White "Perez Rodriguez, Jennifer"]
[Black "Kubicka, Anna"]
[Result "1-0"]
[WhiteTitle "WIM"]
[BlackTitle "WIM"]
[WhiteElo "2251"]
[BlackElo "2256"]
[WhiteFideId "3507831"]
[BlackFideId "1152254"]
[EventDate "2020.06.19"]

1. e4 c5 2. c3 Nf6 3. e5 Nd5 4. d4 cxd4 5. Nf3 Nc6 6. cxd4 d6 7. Bc4 Nb6 8.
Bxf7+ Kxf7 9. e6+ Kg8 10. d5 Ne5 11. O-O Nxf3+ 12. Qxf3 Qe8 13. Nc3 g6 14. Nb5
Bg7 15. Nc7 Qf8 16. Qb3 Rb8 17. Be3 Qf5 18. Rfd1 Bf6 19. a4 Kg7 20. a5 Na8 21.
Bxa7 Nxc7 22. Bxb8 Na6 23. Ba7 Rf8 24. Rac1 Bg5 25. Rc2 b5 26. Bd4+ Bf6 27.
Bxf6+ Qxf6 28. Qxb5 Nc5 29. b4 Ne4 30. Qc4 Qf5 31. Qd4+ Kg8 32. Re2 Nf6 33. b5
Bb7 34. Qd3 Qh5 35. Qf3 Qxf3 36. gxf3 Nxd5 37. a6 Ba8 38. Rb2 Nb6 39. Rc1 Bxf3
40. Rc7 Nd5 41. Rcc2 Nf4 42. b6 Nh3+ 43. Kf1 Be4 44. Rd2 Rc8 45. Ke2 Bf5 46. b7
Bg4+ 47. f3 Nf4+ 48. Kf2 Rf8 49. b8=Q Nd3+ 50. Rxd3 Rxb8 51. Rxb8+ 1-0

[Event "Women's Speed Chess Q2"]
[Site "chess.com INT"]
[Date "2020.06.19"]
[Round "6"]
[White "Kabanova, Ekaterina"]
[Black "Kaya, Emel"]
[Result "0-1"]
[WhiteTitle "WFM"]
[BlackTitle "WCM"]
[WhiteElo "2138"]
[BlackElo "1912"]
[WhiteFideId "24112917"]
[BlackFideId "6306411"]
[EventDate "2020.06.19"]

1. c4 g6 2. Nf3 Bg7 3. d4 c5 4. e3 cxd4 5. exd4 d5 6. cxd5 Qxd5 7. Nc3 Qa5 8.
Bc4 Nc6 9. O-O Nf6 10. Re1 O-O 11. a3 Bg4 12. b4 Qd8 13. Be3 Rc8 14. Qb3 Bxf3
15. gxf3 a6 16. Rad1 Qd7 17. Bf1 e6 18. b5 Na5 19. Qb4 axb5 20. Qxa5 Qc6 21. Ne4
Nxe4 22. fxe4 Qxe4 23. Qxb5 e5 24. d5 Qg4+ 25. Kh1 e4 26. d6 Rfd8 27. Bg2 Rc6
28. Bc5 Be5 29. Be3 Bxd6 30. Rxd6 Rcxd6 31. Qxb7 Rd1 32. Qb4 Rxe1+ 33. Qxe1 Rd1
34. Bd2 Rxe1+ 35. Bxe1 Qd1 36. Kg1 Qxe1+ 37. Bf1 e3 38. fxe3 Qxe3+ 39. Kg2 Qxa3
40. Be2 Kg7 41. Bf3 f5 42. h3 Kf6 43. Kg3 h5 44. h4 g5 45. hxg5+ Kxg5 46. Kf2
Kf4 47. Be2 Qb2 48. Ke1 Ke3 49. Kf1 Qxe2+ 50. Kg1 Kf3 51. Kh1 Qg2# 0-1

[Event "Women's Speed Chess Q2"]
[Site "chess.com INT"]
[Date "2020.06.19"]
[Round "6"]
[White "Demchenko, Svitlana"]
[Black "Fuentes Inzunza, Lesly"]
[Result "0-1"]
[WhiteTitle "WIM"]
[BlackTitle "WFM"]
[WhiteElo "2071"]
[BlackElo "1840"]
[WhiteFideId "14149893"]
[BlackFideId "3408205"]
[EventDate "2020.06.19"]

1. e4 c6 2. d4 d5 3. e5 Bf5 4. Nc3 e6 5. g4 Bg6 6. Nge2 Ne7 7. h4 h5 8. Nf4 hxg4
9. Qxg4 Bf5 10. Qd1 Nd7 11. Be3 Ng6 12. h5 Nxf4 13. Bxf4 Qb6 14. Na4 Qa5+ 15. c3
c5 16. dxc5 Nxc5 17. Nxc5 Qxc5 18. Be3 Qc7 19. Bb5+ Kd8 20. f4 a6 21. Ba4 Be4
22. Rg1 Qc4 23. Bc2 Kc8 24. Bd4 Bxc2 25. Qxc2 Rxh5 26. O-O-O b5 27. Kb1 Kb7 28.
Qg2 Rc8 29. Qg4 g6 30. Ka1 b4 31. cxb4 Bxb4 32. Qf3 Rh2 33. a3 Ba5 34. Rd3 Rc2
35. Rb3+ Ka8 36. Bb6 Rc1+ 37. Rxc1 Qxc1+ 38. Ka2 Bxb6 39. Rxb6 Qc4+ 40. Rb3 Rb8
41. Qe3 a5 42. a4 Qxa4+ 43. Ra3 Qc4+ 44. Kb1 a4 45. Qd2 Qb4 46. Qd3 Qxb2# 0-1

[Event "Women's Speed Chess Q2"]
[Site "chess.com INT"]
[Date "2020.06.19"]
[Round "6"]
[White "Sharmin, Samiha Shimmi"]
[Black "Smietanska, Wiktoria"]
[Result "1-0"]
[WhiteTitle "WCM"]
[BlackTitle "CM"]
[WhiteElo "1812"]
[BlackElo "1593"]
[WhiteFideId "10203087"]
[BlackFideId "21869359"]
[EventDate "2020.06.19"]

1. e4 c5 2. Nf3 g6 3. d4 cxd4 4. Nxd4 Nc6 5. Nc3 Nf6 6. Be3 Bg7 7. f3 d5 8. exd5
Nxd5 9. Nxc6 bxc6 10. Bd4 O-O 11. Bxg7 Kxg7 12. Qd4+ Nf6 13. Qxd8 Rxd8 14. Bd3
Nd5 15. Nxd5 cxd5 16. O-O-O Bb7 17. h4 h5 18. Rhe1 e6 19. a4 Rac8 20. b3 Rc3 21.
Kb2 Rc7 22. Bb5 Rdc8 23. Rd2 a6 24. Bf1 a5 25. Re3 Bc6 26. Be2 Rb8 27. Ka3 Bd7
28. c4 dxc4 29. Bxc4 Rb4 30. Red3 Bxa4 31. Rd6 Bb5 32. Bxb5 Rxb5 33. Ra6 Rc3 34.
Rb2 Kf6 35. Ka4 Rcc5 36. Ra7 Rb4+ 37. Ka3 Rxh4 38. Rd2 Rc3 39. Rdd7 Rb4 40.
Rxf7+ Kg5 41. Rxa5+ Kh6 42. Kxb4 Rc2 43. Raa7 Rxg2 44. f4 Rf2 45. Rh7# 1-0

[Event "Women's Speed Chess Q2"]
[Site "chess.com INT"]
[Date "2020.06.19"]
[Round "6"]
[White "Gaponenko, Inna"]
[Black "Babiy, Olga"]
[Result "1-0"]
[WhiteTitle "IM"]
[BlackTitle "WGM"]
[WhiteElo "2396"]
[BlackElo "2228"]
[WhiteFideId "14101181"]
[BlackFideId "14117258"]
[EventDate "2020.06.19"]

1. e4 c6 2. d4 d5 3. exd5 cxd5 4. c4 Nf6 5. Nc3 Nc6 6. Nf3 e6 7. cxd5 Nxd5 8.
Bd3 Be7 9. O-O O-O 10. Re1 Bf6 11. Be4 Nce7 12. Ne5 g6 13. Bh6 Bg7 14. Bxg7 Kxg7
15. Qf3 f6 16. Nc4 Nxc3 17. bxc3 Rb8 18. Rab1 b5 19. Nd2 f5 20. Bc6 Nxc6 21.
Qxc6 Rb6 22. Qc5 Bd7 23. Nf3 Qc8 24. Ne5 Rb7 25. Qe7+ Kg8 26. Nxd7 Qxd7 27.
Qxe6+ Qxe6 28. Rxe6 Rc8 29. Re3 Rbc7 30. Rxb5 Rxc3 31. Rxc3 Rxc3 32. g3 Ra3 33.
Rb2 Rd3 34. Rb8+ Kg7 35. Rb7+ Kh6 36. Rxa7 Rxd4 37. Kg2 Rd3 38. a4 Ra3 39. h4 f4
40. g4 g5 41. Ra6+ Kg7 42. hxg5 Rb3 43. a5 Ra3 44. Kf1 Kg8 45. Ke2 Kg7 46. Kd2
Ra2+ 47. Ke1 Kg8 48. g6 hxg6 49. Rxg6+ Kf7 50. Ra6 f3 51. Ra7+ Kg6 52. a6 1-0

[Event "Women's Speed Chess Q2"]
[Site "chess.com INT"]
[Date "2020.06.19"]
[Round "6"]
[White "Bogumil, Tatiana"]
[Black "Nurmanova, Alua"]
[Result "0-1"]
[WhiteTitle "WGM"]
[BlackTitle "WFM"]
[WhiteElo "2182"]
[BlackElo "2026"]
[WhiteFideId "4110579"]
[BlackFideId "13729390"]
[EventDate "2020.06.19"]

1. Nf3 Nf6 2. c4 g6 3. b3 Bg7 4. Bb2 O-O 5. g3 d6 6. d4 Nbd7 7. d5 e6 8. dxe6
fxe6 9. Bg2 Qe7 10. Nc3 a5 11. O-O Nc5 12. Nd4 e5 13. Ndb5 Be6 14. e4 c6 15.
Qxd6 Qxd6 16. Nxd6 Rfd8 17. Ba3 Rxd6 18. Bxc5 Rd3 19. Rac1 Bh6 20. Rc2 Rad8 21.
h3 Nd7 22. Be7 Re8 23. Ba3 Nf6 24. Bc5 Kf7 25. Rd1 Red8 26. Rxd3 Rxd3 27. Kf1
Nh5 28. Ke2 Rd7 29. Bb6 Nf6 30. Bxa5 Bg5 31. Bb6 h5 32. Be3 Bxe3 33. Kxe3 h4 34.
g4 g5 35. Na4 Rd4 36. Nc5 Bc8 37. Bf1 b6 38. Na4 Rxe4+ 39. Kf3 Bb7 40. Nxb6 Rf4+
41. Ke3 c5 42. Bd3 Rf3+ 43. Ke2 e4 44. Bxe4 Bxe4 45. Rd2 Rxh3 46. Nd5 Bf3+ 47.
Ke1 Rh1# 0-1

[Event "Women's Speed Chess Q2"]
[Site "chess.com INT"]
[Date "2020.06.19"]
[Round "6"]
[White "Franco Valencia, Angela"]
[Black "Anu, Bayar"]
[Result "1-0"]
[WhiteTitle "WIM"]
[BlackTitle "WFM"]
[WhiteElo "2089"]
[BlackElo "2102"]
[WhiteFideId "4403070"]
[BlackFideId "4901339"]
[EventDate "2020.06.19"]

1. e4 c5 2. Nf3 g6 3. d4 cxd4 4. Nxd4 Bg7 5. Nc3 Nc6 6. Nde2 Nf6 7. g3 O-O 8.
Bg2 d6 9. h3 a6 10. a4 Be6 11. O-O Rc8 12. Re1 Ne5 13. Nf4 Bd7 14. Ncd5 Bc6 15.
a5 Nc4 16. Nxf6+ Bxf6 17. Nd5 Bg7 18. c3 Nxa5 19. Nxe7+ Qxe7 20. Rxa5 Rfe8 21.
Bf4 Rcd8 22. Qc1 d5 23. e5 Qe6 24. Qe3 Bb5 25. Raa1 Rd7 26. Rad1 Red8 27. Qc5
Qc6 28. Qd4 Qc4 29. h4 Qxd4 30. Rxd4 Bf8 31. Bh3 Re7 32. Bg5 Bc6 33. e6 fxe6 34.
Bxe6+ Kg7 35. Bxe7 Bxe7 36. Red1 Bf6 37. R4d2 Ba4 38. Re1 Bb3 39. Kg2 a5 40. f3
a4 41. h5 b5 42. hxg6 hxg6 43. f4 Rd6 44. Bc8 Bc4 45. f5 gxf5 46. Re6 1-0

[Event "Women's Speed Chess Q2"]
[Site "chess.com INT"]
[Date "2020.06.19"]
[Round "6"]
[White "Rivera, Ingris"]
[Black "Tsotsonava, Elene"]
[Result "1-0"]
[WhiteTitle "WIM"]
[BlackTitle "WFM"]
[WhiteElo "2249"]
[BlackElo "2012"]
[WhiteFideId "4402472"]
[BlackFideId "13615939"]
[EventDate "2020.06.19"]

1. d4 d5 2. Nf3 c5 3. e3 Nf6 4. b3 Nc6 5. Bb2 e6 6. Bd3 Be7 7. O-O O-O 8. a3 b6
9. Nbd2 Bb7 10. Ne5 Nd7 11. f4 Ndxe5 12. fxe5 f5 13. exf6 Bxf6 14. Qh5 g6 15.
Bxg6 hxg6 16. Qxg6+ Bg7 17. Qxe6+ Kh8 18. Qh3+ Kg8 19. Qe6+ Kh7 20. Qh3+ Bh6 21.
dxc5 Qg5 22. Rxf8 Rxf8 23. Nf1 bxc5 24. Qd7+ Kg8 25. Qxb7 Ne5 26. Qxd5+ Nf7 27.
Qxg5+ Bxg5 28. Rd1 Re8 29. Kf2 Ne5 30. h3 Rf8+ 31. Ke2 Nc6 32. Rd5 Be7 33. Rd7
Kf7 34. b4 Ke6 35. Rc7 1-0

[Event "Women's Speed Chess Q2"]
[Site "chess.com INT"]
[Date "2020.06.19"]
[Round "6"]
[White "Lee, Dariya"]
[Black "Munkhzul, Davaakhuu"]
[Result "0-1"]
[WhiteTitle "WCM"]
[BlackTitle "WFM"]
[WhiteElo "1523"]
[BlackElo "1991"]
[WhiteFideId "13801651"]
[BlackFideId "4902815"]
[EventDate "2020.06.19"]

1. c4 e6 2. e4 c5 3. Nf3 Nc6 4. Nc3 Nf6 5. d4 cxd4 6. Nxd4 Bb4 7. Nb5 Nxe4 8.
Bd2 Nxd2 9. Qxd2 O-O 10. Be2 d5 11. cxd5 exd5 12. O-O Be6 13. Nd4 Nxd4 14. Qxd4
Bxc3 15. Qxc3 Qb6 16. Rac1 Rac8 17. Qd2 d4 18. Bd3 Bxa2 19. Rfe1 Be6 20. b4 g6
21. b5 Bd7 22. Qg5 Rc3 23. Qd5 Be6 24. Qf3 Rfc8 25. Ra1 Bf5 26. Red1 Bxd3 27.
Rxd3 Rc1+ 28. Rxc1 Rxc1+ 29. Rd1 Rxd1+ 30. Qxd1 Qxb5 31. h3 Qc5 32. Qf3 b5 33.
Qa8+ Kg7 34. Qe4 b4 35. Kh2 a5 36. Qd3 a4 37. Qe4 b3 38. Qe2 a3 39. g3 b2 40.
Qd1 a2 41. Qd3 b1=Q 0-1

[Event "Women's Speed Chess Q2"]
[Site "chess.com INT"]
[Date "2020.06.19"]
[Round "6"]
[White "Vovk, Anastasiia"]
[Black "Mudodo, Refiloe Hazel"]
[Result "1-0"]
[WhiteTitle "WGM"]
[BlackTitle "WCM"]
[WhiteElo "2076"]
[BlackElo "1543"]
[WhiteFideId "14110563"]
[BlackFideId "11000821"]
[EventDate "2020.06.19"]

1. e4 e6 2. d4 d5 3. Nd2 dxe4 4. Nxe4 Bd7 5. Nf3 Bc6 6. Bd3 Nd7 7. O-O Ngf6 8.
Ng3 Be7 9. Re1 O-O 10. c3 Bxf3 11. Qxf3 c6 12. Bf4 Re8 13. Rad1 Nf8 14. Bb1 Bd6
15. Bg5 N8d7 16. Ne4 Be7 17. Nxf6+ Bxf6 18. Bf4 Be7 19. Qd3 Nf6 20. Be5 g6 21.
Qc2 Bd6 22. Qb3 Rb8 23. c4 Qe7 24. Qf3 Bxe5 25. dxe5 Nh5 26. Rd2 Red8 27. Red1
Rbc8 28. Rd6 Ng7 29. Qd3 Rxd6 30. exd6 Qd7 31. c5 b6 32. b4 a5 33. a3 axb4 34.
axb4 bxc5 35. bxc5 Nf5 36. Ba2 Rb8 37. Bc4 Ng7 38. Qa3 Ne8 39. Be2 Nf6 40. Bf3
Nd5 41. h3 Rb5 42. Qa8+ Kg7 43. Rc1 Nf6 44. Bxc6 Rxc5 45. Bxd7 Rxc1+ 46. Kh2
Nxd7 47. Qa7 1-0

[Event "Women's Speed Chess Q2"]
[Site "chess.com INT"]
[Date "2020.06.19"]
[Round "6"]
[White "Maklakova, Nellija"]
[Black "Starosta, Martyna"]
[Result "0-1"]
[BlackTitle "WCM"]
[WhiteElo "1833"]
[BlackElo "2079"]
[WhiteFideId "11603470"]
[BlackFideId "21818754"]
[EventDate "2020.06.19"]

1. e4 e5 2. Bc4 Nf6 3. Nc3 c6 4. d4 Bb4 5. dxe5 Nxe4 6. Bxf7+ Kxf7 7. Qf3+ Nf6
8. Bg5 Bxc3+ 9. bxc3 Qa5 10. Nh3 Qxe5+ 11. Be3 Qxc3+ 12. Ke2 b6 13. Ng5+ Ke8 14.
Rhe1 Ba6+ 15. Kd1 Kd8 16. Rb1 Qc4 17. Bd2 Kc8 18. a3 h6 19. Rb4 Qa2 20. Ne4 Nxe4
21. Rexe4 Kb7 22. Re7 Qa1+ 23. Bc1 Qf6 24. Qe3 Rf8 25. f3 Qd6+ 26. Rd4 Qxh2 27.
Bb2 Qh1+ 28. Kd2 Qh5 29. Kc3 Qc5+ 30. Kd2 Qa5+ 31. Kc1 Qg5 32. f4 Qxg2 33. Kb1
Qf1+ 34. Ka2 Bc4+ 35. Rxc4 Qxc4+ 36. Kb1 Qxf4 37. Qe2 Qf1+ 38. Ka2 Qxe2 39. Rxe2
g5 40. Bg7 Rg8 41. Bxh6 g4 42. Rg2 Na6 43. a4 Nc5 44. Kb2 Rae8 45. Bg5 Rxg5 0-1

[Event "Women's Speed Chess Q2"]
[Site "chess.com INT"]
[Date "2020.06.19"]
[Round "6"]
[White "Dzagnidze, Nana"]
[Black "Arabidze, Meri"]
[Result "1/2-1/2"]
[WhiteTitle "GM"]
[BlackTitle "IM"]
[WhiteElo "2524"]
[BlackElo "2428"]
[WhiteFideId "13601903"]
[BlackFideId "13604040"]
[EventDate "2020.06.19"]

1. d4 d5 2. c4 e6 3. Nc3 Nf6 4. cxd5 exd5 5. Bg5 Nbd7 6. e3 Be7 7. Bd3 c6 8.
Nge2 O-O 9. Qc2 Re8 10. O-O Nf8 11. a3 g6 12. b4 a6 13. Nc1 Ne6 14. Bh4 Ng7 15.
Nb3 Bf5 16. Nc5 b6 17. Nb3 Bxd3 18. Qxd3 Nf5 19. Bxf6 Bxf6 20. Rac1 Nd6 21. Na4
Nc4 22. Nd2 b5 23. Nc5 Be7 24. Nxc4 bxc4 25. Qc2 Bxc5 26. dxc5 a5 27. Rb1 axb4
28. axb4 Qf6 29. b5 cxb5 30. Rxb5 Rac8 31. Rd1 Qc6 32. Qb1 Red8 33. h4 Qc7 34.
h5 Rb8 35. h6 c3 36. Rc1 Qe5 37. c6 Rbc8 38. Rb6 d4 39. exd4 Qxd4 40. Qb3 Qd2
41. Rxc3 Qxh6 42. Rf3 Rf8 43. Rb7 Qc1+ 44. Kh2 Qh6+ 45. Kg1 Qc1+ 46. Kh2 Qh6+
47. Kg1 1/2-1/2

[Event "Women's Speed Chess Q2"]
[Site "chess.com INT"]
[Date "2020.06.19"]
[Round "6"]
[White "Papp, Petra"]
[Black "Vaishali, R"]
[Result "1/2-1/2"]
[WhiteTitle "WGM"]
[BlackTitle "WGM"]
[WhiteElo "2338"]
[BlackElo "2393"]
[WhiteFideId "739049"]
[BlackFideId "5091756"]
[EventDate "2020.06.19"]

1. e4 c5 2. Nf3 Nc6 3. Nc3 d6 4. d4 cxd4 5. Nxd4 Nf6 6. Nd5 e6 7. Nxf6+ Qxf6 8.
Nb5 Qd8 9. Bf4 e5 10. Be3 Be6 11. Qd2 a6 12. Nc3 Be7 13. O-O-O O-O 14. Kb1 Rc8
15. f3 b5 16. g4 Na5 17. Nd5 Bxd5 18. Qxd5 Nc4 19. Bc1 Nb6 20. Qd2 Rc5 21. Qf2
Qc7 22. h4 Rc8 23. Bd3 d5 24. exd5 Nxd5 25. Bf5 Rd8 26. g5 Nf4 27. Be4 Ne6 28.
Be3 Rc4 29. Rd5 Rxd5 30. Bxd5 Rb4 31. Bxe6 fxe6 32. Qd2 Rc4 33. h5 Rc6 34. Qd3
Qd6 35. Rd1 Qxd3 36. Rxd3 Rd6 37. Rxd6 Bxd6 38. c3 g6 39. hxg6 hxg6 40. Kc2 Kf7
41. Kd3 Ke7 42. Ke4 Kd7 43. Bf2 Be7 44. Be3 Bd6 45. Bd2 Kc6 46. Be1 Kd7 47. Bg3
Be7 48. Bh4 Kd6 49. b3 Bd8 50. Bg3 Bxg5 51. Bxe5+ Kd7 52. Bd4 Bd2 53. c4 bxc4
54. bxc4 Kd6 55. Bf2 Bc3 56. Kd3 Bf6 57. Ke4 Bb2 58. Be3 Bg7 59. Bf2 1/2-1/2

[Event "Women's Speed Chess Q2"]
[Site "chess.com INT"]
[Date "2020.06.19"]
[Round "6"]
[White "Swati, Mohota"]
[Black "Balabayeva, Xeniya"]
[Result "0-1"]
[WhiteTitle "WFM"]
[BlackTitle "WFM"]
[WhiteElo "2027"]
[BlackElo "2146"]
[WhiteFideId "5006511"]
[BlackFideId "13719688"]
[EventDate "2020.06.19"]

1. d4 Nf6 2. c4 b6 3. Nc3 Bb7 4. Nf3 d5 5. e3 e6 6. a3 Be7 7. cxd5 Nxd5 8. Bd3
O-O 9. O-O c5 10. Qc2 h6 11. dxc5 Bxc5 12. Rd1 Qe7 13. e4 Nxc3 14. Qxc3 Rc8 15.
Qe1 Nc6 16. Bf4 Nd4 17. b4 Nxf3+ 18. gxf3 Bd4 19. Rab1 Qf6 20. Qd2 e5 21. Bg3
Qxf3 22. Re1 Rd8 23. Qe2 Qf6 24. Rbd1 Rac8 25. Kg2 Qg6 26. f3 h5 27. Kh1 Qf6 28.
Bf2 Bxf2 29. Qxf2 Rd4 30. Bb5 Rcd8 31. Ba4 Bxe4 32. Rxd4 Bxf3+ 33. Kg1 Rxd4 34.
Rf1 Rg4+ 35. Qg3 Rxg3+ 36. hxg3 e4 37. Kh2 Qb2+ 38. Kh3 Qg2+ 39. Kh4 Qh2+ 40.
Kg5 Qxg3+ 41. Kf5 g6+ 42. Kf6 Qd6+ 43. Kg5 Qe5+ 44. Kh4 Qf4+ 45. Kh3 Qg4+ 46.
Kh2 Qg2# 0-1

[Event "Women's Speed Chess Q2"]
[Site "chess.com INT"]
[Date "2020.06.19"]
[Round "6"]
[White "Karnaukhova, Elmira"]
[Black "Harika, Dronavalli"]
[Result "0-1"]
[WhiteTitle "WGM"]
[BlackTitle "GM"]
[WhiteElo "2319"]
[BlackElo "2515"]
[WhiteFideId "4148827"]
[BlackFideId "5015197"]
[EventDate "2020.06.19"]

1. d4 Nf6 2. Nf3 g6 3. Bg5 Bg7 4. Nbd2 O-O 5. e4 d5 6. e5 Ne4 7. Bf4 c5 8. Bd3
Nxd2 9. Qxd2 cxd4 10. Nxd4 Nc6 11. Nxc6 bxc6 12. O-O c5 13. Rad1 Qb6 14. b3 Be6
15. Be2 Rfd8 16. Bf3 Rac8 17. h4 h5 18. Rfe1 a5 19. Bg5 Qc7 20. Qf4 d4 21. Bh6
Bd5 22. Bxg7 Kxg7 23. Be2 Qc6 24. Qg3 Kh7 25. Bd3 c4 26. Bf1 Be6 27. Qf4 Qc5 28.
Re4 d3 29. cxd3 cxb3 30. axb3 Bxb3 31. Ra1 Be6 32. Rea4 Ra8 33. d4 Qc3 34. R4a3
Qxd4 35. Qg3 a4 36. Bb5 Rdb8 37. Be2 Rb2 38. Bf3 Ra5 39. Kh2 Qxe5 40. Qxe5 Rxe5
41. Rxa4 Rxf2 42. Rf4 Kg7 43. Ra7 Rb2 44. Rxe7 Rf5 45. Rxf5 Bxf5 46. Bd5 Kf6 47.
Rxf7+ Ke5 48. Bc4 Be4 49. Re7+ Kd4 0-1

[Event "Women's Speed Chess Q2"]
[Site "chess.com INT"]
[Date "2020.06.19"]
[Round "6"]
[White "Li, Xueyi"]
[Black "Xu, Yuanyuan"]
[Result "0-1"]
[WhiteTitle "WGM"]
[BlackTitle "WGM"]
[WhiteElo "2328"]
[BlackElo "2317"]
[WhiteFideId "8605912"]
[BlackFideId "8601089"]
[EventDate "2020.06.19"]

1. d4 d5 2. Nf3 Nf6 3. g3 c5 4. Bg2 cxd4 5. Nxd4 e5 6. Nb3 Be6 7. O-O Be7 8. Nc3
O-O 9. Bg5 e4 10. Nd4 Nc6 11. Nxe6 fxe6 12. Nb5 h6 13. Be3 e5 14. c3 a6 15. Na3
Bxa3 16. bxa3 Qe7 17. Qb3 Na5 18. Qb4 Qxb4 19. axb4 Nc4 20. Bc1 Rac8 21. a4 Rc7
22. f3 e3 23. Bh3 Kf7 24. Rd1 Ke7 25. f4 e4 26. g4 g6 27. g5 hxg5 28. fxg5 Nh5
29. Bg4 Nf4 30. b5 a5 31. Ba3+ Nxa3 32. Rxa3 Kd6 33. b6 Rc4 34. Rb1 Kc6 35. Rb5
Ra8 36. Kf1 Kd6 37. h3 Ke5 38. Ke1 Kd6 39. Kd1 d4 40. cxd4 Rxd4+ 41. Ke1 Rc8 42.
Rb1 Ng2+ 43. Kf1 Nh4 44. Rxe3 Rf8+ 45. Kg1 Rxa4 46. Rd1+ Ke5 47. Rc3 Kf4 48.
Rf1+ Nf3+ 49. exf3 e3 0-1

[Event "Women's Speed Chess Q2"]
[Site "chess.com INT"]
[Date "2020.06.19"]
[Round "6"]
[White "Yakimova, Mariya"]
[Black "Vittal, Sanjana"]
[Result "1-0"]
[WhiteTitle "WFM"]
[BlackTitle "WFM"]
[WhiteElo "2269"]
[BlackElo "1961"]
[WhiteFideId "34188859"]
[BlackFideId "2097486"]
[EventDate "2020.06.19"]

1. d4 d5 2. c4 e6 3. Nf3 Nf6 4. g3 dxc4 5. Bg2 Nc6 6. Qa4 Bd7 7. Qxc4 Na5 8. Qc2
Rc8 9. O-O c5 10. Qd1 Be7 11. dxc5 Bxc5 12. a3 Bb6 13. Nbd2 O-O 14. b4 Nc6 15.
Bb2 Re8 16. Ne5 Nxe5 17. Bxe5 Bc6 18. e4 Bd4 19. Bxd4 Qxd4 20. Qe2 a6 21. Nb3
Qc3 22. Rfb1 Rcd8 23. Nc5 Rd2 24. Qe1 Qd4 25. Rd1 Rd8 26. Rxd2 Qxd2 27. Qxd2
Rxd2 28. Rc1 Kf8 29. e5 Bxg2 30. Kxg2 Ng4 31. Ne4 Rd4 32. Rc8+ Ke7 33. Rc7+ Kd8
34. Rxb7 Rxe4 35. Rxf7 Rxe5 36. Rxg7 Nf6 37. Rf7 Rf5 38. f4 Ke8 39. Ra7 Nd5 40.
Rxa6 Ne3+ 41. Kf3 Nc4 42. g4 Rd5 43. Rxe6+ Kd7 44. Ra6 Rd3+ 45. Ke4 Rxa3 46.
Rxa3 Nxa3 47. h4 Ke7 48. f5 Kf7 49. g5 Nb5 50. Kd5 Nc3+ 51. Kc5 Ne4+ 52. Kc6 Ng3
53. f6 Nf5 54. b5 1-0

[Event "Women's Speed Chess Q2"]
[Site "chess.com INT"]
[Date "2020.06.19"]
[Round "6"]
[White "Daulyte-Cornette, Deimante"]
[Black "Mamedjarova, Turkan"]
[Result "0-1"]
[WhiteTitle "IM"]
[BlackTitle "WGM"]
[WhiteElo "2400"]
[BlackElo "2309"]
[WhiteFideId "12802859"]
[BlackFideId "13402005"]
[EventDate "2020.06.19"]

1. e4 e5 2. Bc4 Nc6 3. Nc3 Bc5 4. Qg4 Nd4 5. Qxg7 Qf6 6. Qxf6 Nxf6 7. Bd3 d6 8.
Nge2 Rg8 9. Kf1 Be6 10. Nxd4 Bxd4 11. Ne2 Bb6 12. h3 O-O-O 13. c3 d5 14. exd5
Bxd5 15. Bf5+ Kb8 16. Rg1 Be4 17. Bxe4 Nxe4 18. d4 exd4 19. Nxd4 Bxd4 20. cxd4
Rxd4 21. Be3 Rd5 22. Ke2 b6 23. g4 Re8 24. Rgd1 Rb5 25. Rab1 f5 26. gxf5 Rxf5
27. Rd7 Nxf2 28. Rc1 c5 29. Rg1 Nxh3 30. Rgg7 Nf4+ 31. Kd2 Rd5+ 32. Rxd5 Nxd5
33. Bf2 h5 34. Rh7 Nf6 35. Bg3+ Ka8 36. Rg7 Ne4+ 37. Kd3 Nxg3 38. Rxg3 Kb7 39.
Rg7+ Kc6 40. Rxa7 Rh8 41. Rf7 h4 42. Rf2 h3 43. Rh2 b5 44. b3 Kd5 45. Ke3 c4 46.
bxc4+ Kxc4 47. Kd2 Kb4 48. Kc2 Ka4 49. Kb2 b4 50. Kc2 Ka3 51. Kd3 Rc8 52. Kd4
Rc3 53. Rf2 Rg3 54. Kc4 Rg2 55. Rf3+ Ka4 56. Rxh3 Rxa2 57. Rh8 Rc2+ 58. Kd3 Rc7
59. Ra8+ Kb3 0-1

[Event "Women's Speed Chess Q2"]
[Site "chess.com INT"]
[Date "2020.06.19"]
[Round "6"]
[White "Thipsay, Bagyashree Sathe"]
[Black "Jakubowska, Anna"]
[Result "0-1"]
[WhiteTitle "WIM"]
[BlackTitle "WIM"]
[WhiteElo "2072"]
[BlackElo "2073"]
[WhiteFideId "5001013"]
[BlackFideId "1121952"]
[EventDate "2020.06.19"]

1. e4 c6 2. d4 d5 3. e5 Bf5 4. Nf3 e6 5. Be2 Nd7 6. O-O h6 7. Nbd2 g5 8. a4 Bg7
9. a5 Ne7 10. Nb3 O-O 11. Ne1 c5 12. f4 Ng6 13. g3 gxf4 14. gxf4 Qh4 15. Ng2 Qe7
16. Be3 c4 17. Nd2 f6 18. Bg4 fxe5 19. fxe5 Bxg4 20. Qxg4 Kh7 21. Nf3 Rg8 22.
Qh5 Rgf8 23. Ng5+ Kg8 24. Qxg6 hxg5 25. Bxg5 Qe8 26. Rxf8+ Nxf8 27. Qxe8 Rxe8
28. c3 Nh7 29. Bf4 Bf8 30. Kf2 Be7 31. h4 Rf8 32. Ke3 Bd8 33. a6 b5 34. Rg1 Kh8
35. Rh1 Rg8 36. Ne1 Nf8 37. h5 Nd7 38. Nf3 Nb8 39. Ra1 Rg2 40. Nd2 Be7 41. Rf1
Nxa6 42. Bh6 Kg8 43. Rf3 Rh2 44. Rg3+ Kh7 45. Bf4 Rh3 46. Rxh3 b4 47. Nf3 bxc3
48. bxc3 Ba3 49. Kd2 Be7 50. Rg3 Bf8 51. Rg6 Nc7 52. Ng5+ Kh8 53. Nf7+ Kh7 54.
Nd6 a5 55. Nc8 a4 56. Kc2 a3 57. Nd6 Na6 0-1

[Event "Women's Speed Chess Q2"]
[Site "chess.com INT"]
[Date "2020.06.19"]
[Round "6"]
[White "Priyanka, K"]
[Black "Bodnaruk, Anastasia"]
[Result "0-1"]
[WhiteTitle "WIM"]
[BlackTitle "IM"]
[WhiteElo "2218"]
[BlackElo "2411"]
[WhiteFideId "5082986"]
[BlackFideId "4181751"]
[EventDate "2020.06.19"]

1. e4 c5 2. Nf3 d6 3. d4 cxd4 4. Nxd4 Nf6 5. Nc3 a6 6. Be2 e5 7. Nf3 Be7 8. Bg5
Nbd7 9. a4 Qc7 10. a5 O-O 11. O-O b5 12. axb6 Nxb6 13. Bxf6 Bxf6 14. Qd3 Bb7 15.
Rfd1 Be7 16. Nd2 Rfc8 17. Nf1 Qc5 18. Ne3 g6 19. Na4 Nxa4 20. Rxa4 a5 21. c3 Bf8
22. Rda1 Bc6 23. R4a3 Bh6 24. Nc4 Bb5 25. b3 a4 26. Qxd6 Qxd6 27. Nxd6 Bxe2 28.
Nxc8 Rxc8 29. bxa4 Ba6 30. Rb1 Bd2 31. Rb6 Bxc3 32. g3 Be2 33. a5 Bd4 34. Rb1
Ba6 35. Rab3 Rc2 36. Rf3 Ra2 37. Rb8+ Kg7 38. h4 Rxa5 39. Ra8 Ra1+ 40. Kh2 Bc4
41. Rd8 Be6 42. Rb8 Ra2 43. Kg2 f5 44. Rb7+ Kh6 45. Re7 fxe4 46. Rf6 Bd5 47. Rd7
Bc4 48. Rc7 Bd3 49. Rff7 g5 50. Rxh7+ Kg6 51. h5+ Kf5 52. Rhf7+ Kg4 53. h6 e3
54. h7 exf2 55. h8=Q f1=Q# 0-1